| 000 | 00490nam a22001817a 4500 | ||
|---|---|---|---|
| 003 | SEACOMMC | ||
| 005 | 20231109104832.0 | ||
| 008 | 231109b |||||||| |||| 00| 0 eng d | ||
| 020 | _cRs. 155.00 | ||
| 040 | _aSEACOMMC | ||
| 082 |
_a681.4 _bPRI |
||
| 100 | 1 | _aPrince, Shanthi | |
| 245 | 1 |
_aOptical and optoelectronic instrumentation _cShanthi Prince and K. Annapurani |
|
| 260 |
_aChennai _bScitech _c2001 |
||
| 650 | _aManufacture of products | ||
| 700 | 1 | _aAnnapurani, K. | |
| 942 | _cBOOK | ||
| 999 |
_c351 _d351 |
||